[Event "Florianopolis 6th"]
[Site "Florianopolis"]
[Date "2023.11.20"]
[Round "6"]
[White "Hataby, Raed"]
[Black "Umetsubo, Cesar Hidemitsu"]
[Result "0-1"]
[WhiteElo "1910"]
[BlackElo "2357"]
[PlyCount "50"]
[EventDate "2023.11.17"]
[EventType "tourn"]
[EventRounds "9"]
[EventCountry "BRA"]
[SourceTitle "CB49_2023"]
[SourceDate "2023.12.06"]
[SourceVersion "1"]
[SourceVersionDate "2023.12.06"]
[SourceQuality "1"]

1. e4 c5 2. Nf3 Nc6 3. d3 g6 4. g3 Bg7 5. Bg2 e5 6. Nbd2 Nge7 7. Nc4 d5 8. exd5 Nxd5 9. a4 0-0 10. 0-0 h6 11. h3 Be6 12. Re1 Qc7 13. Ne3 Rad8 14. Qe2 Rfe8 15. c3 Kh7 16. Nd2 f5 17. Nxd5 Bxd5 18. Nc4 Bxg2 19. Kxg2 Qd7 20. Be3 f4 21. Bc1 Rf8 22. Nd2 e4 23. dxe4 Ne5 24. Nf3 fxg3 25. Nxe5 Rxf2+ 0-1

[Event "Florianopolis op-B"]
[Site "Florianopolis"]
[Date "2023.09.24"]
[Round "6"]
[White "Hataby, Raed"]
[Black "Moritz, Diego Homrich"]
[Result "1-0"]
[WhiteElo "1904"]
[BlackElo "1814"]
[PlyCount "61"]
[EventDate "2023.09.22"]
[EventType "swiss"]
[EventRounds "6"]
[EventCountry "BRA"]
[SourceTitle "EXT 2024"]
[Source "ChessBase"]
[SourceDate "2023.10.10"]
[SourceVersion "1"]
[SourceVersionDate "2023.10.10"]
[SourceQuality "1"]

1. e3 d5 2. c4 c6 3. Nc3 Nf6 4. Nf3 a6 5. d4 Bf5 6. Bd3 Bxd3 7. Qxd3 e6 8. 0-0 Nbd7 9. e4 dxe4 10. Nxe4 Be7 11. Bf4 Nxe4 12. Qxe4 Nf6 13. Qc2 0-0 14. Rfd1 Qb6 15. Rac1 Rac8 16. Rd3 Rfd8 17. Rcd1 Qa7 18. Qe2 Bd6 19. Bg5 Qb8 20. Bxf6 gxf6 21. Qe4 Kh8 22. Qh4 Be7 23. Ne5 fxe5 24. Qxe7 Qc7 25. Qf6+ Kg8 26. dxe5 Rxd3 27. Rxd3 Kf8 28. h4 Ke8 29. Rg3 Kf8 30. Rg7 Qe7 31. Rg8+ 1-0

[Event "Florianopolis op 9th"]
[Site "Florianopolis"]
[Date "2023.01.28"]
[Round "8"]
[White "Hataby, Raed"]
[Black "De Oliveira, Jairo Quintiliano"]
[Result "1-0"]
[WhiteElo "1979"]
[BlackElo "1745"]
[PlyCount "109"]
[EventDate "2023.01.23"]
[EventType "swiss"]
[EventRounds "10"]
[EventCountry "BRA"]
[SourceTitle "CBM 212 Extra"]
[Source "ChessBase"]
[SourceDate "2023.03.31"]
[SourceVersion "1"]
[SourceVersionDate "2023.03.31"]
[SourceQuality "1"]

1. e4 e5 2. Nf3 Nc6 3. Bc4 Bc5 4. c3 Qe7 5. a4 a6 6. Qe2 Nf6 7. d3 d6 8. h3 Be6 9. Bxe6 fxe6 10. Na3 0-0 11. 0-0 Nh5 12. Kh2 Nf4 13. Bxf4 Rxf4 14. b4 Ba7 15. Nc4 Raf8 16. b5 Nb8 17. Rab1 b6 18. Ncd2 a5 19. g3 R4f7 20. Kg2 Nd7 21. d4 Bb8 22. Qe3 h6 23. Ne1 g5 24. Nd3 Kh7 25. f3 Rc8 26. d5 Rcf8 27. c4 Nc5 28. Nxc5 dxc5 29. Rf2 Rf6 30. Rbf1 Qd6 31. Re2 Kg7 32. Rh1 Rg6 33. Rf2 Qe7 34. Rd1 Rgf6 35. Qc3 Kg6 36. Nf1 Qf7 37. Nh2 h5 38. Rfd2 exd5 39. cxd5 Qd7 40. Rf2 Qd6 41. Rdd2 Qe7 42. Rc2 Qd6 43. Nf1 Re8 44. Ne3 Qf8 45. Rc1 Qf7 46. Nc4 Qe7 47. Rcf1 Kh6 48. Qe3 Ref8 49. Rh1 Kg6 50. Qc3 Re8 51. h4 Rf7 52. Qe3 Rh7 53. Qxg5+ Qxg5 54. hxg5 Rf7 55. Rh4 1-0

[Event "Florianopolis op 9th"]
[Site "Florianopolis"]
[Date "2023.01.27"]
[Round "7"]
[White "Stival da Silva, Javier Rodrigo"]
[Black "Hataby, Raed"]
[Result "0-1"]
[WhiteElo "1640"]
[BlackElo "1979"]
[PlyCount "80"]
[EventDate "2023.01.23"]
[EventType "swiss"]
[EventRounds "10"]
[EventCountry "BRA"]
[SourceTitle "CBM 212 Extra"]
[Source "ChessBase"]
[SourceDate "2023.03.31"]
[SourceVersion "1"]
[SourceVersionDate "2023.03.31"]
[SourceQuality "1"]

1. e4 d6 2. d4 Nf6 3. Nc3 g6 4. f3 c6 5. Be3 Qa5 6. Qd2 b5 7. h4 a6 8. g4 h5 9. g5 Nh7 10. Bh3 Nd7 11. f4 Bg7 12. Qf2 d5 13. f5 b4 14. Nce2 dxe4 15. Nf4 Nhf8 16. Ne6 fxe6 17. fxe6 Nf6 18. gxf6 Bxf6 19. Ne2 Bxe6 20. Bxe6 Nxe6 21. Qg2 Qf5 22. Rf1 Bxh4+ 23. Bf2 Bxf2+ 24. Rxf2 Qg4 25. Qxg4 hxg4 26. 0-0-0 0-0-0 27. Nf4 Nxd4 28. Rfd2 c5 29. c3 bxc3 30. bxc3 e3 31. Rg2 g5 32. Ng6 Rh6 33. Nxe7+ Kd7 34. cxd4 cxd4 35. Rxg4 Kxe7 36. Rgxd4 Rc6+ 37. Kb1 e2 38. Re4+ Re6 39. Rxe6+ Kxe6 40. Re1 Rd1+ 0-1

[Event "Florianopolis op 9th"]
[Site "Florianopolis"]
[Date "2023.01.25"]
[Round "4"]
[White "Hataby, Raed"]
[Black "Riquelme, Andres"]
[Result "1-0"]
[WhiteElo "1979"]
[BlackElo "1695"]
[PlyCount "41"]
[EventDate "2023.01.23"]
[EventType "swiss"]
[EventRounds "10"]
[EventCountry "BRA"]
[SourceTitle "CBM 212 Extra"]
[Source "ChessBase"]
[SourceDate "2023.03.31"]
[SourceVersion "1"]
[SourceVersionDate "2023.03.31"]
[SourceQuality "1"]

1. e3 d5 2. c4 Nc6 3. Nc3 Nf6 4. Nf3 Bg4 5. Qb3 b6 6. cxd5 Nxd5 7. Bc4 Bxf3 8. gxf3 e6 9. d4 Bd6 10. Bd2 0-0 11. Ne4 Be7 12. h4 Bxh4 13. Ke2 f5 14. Nc3 Nce7 15. Rag1 a5 16. Rg2 b5 17. Bxd5 exd5 18. Rgh2 Bg5 19. Nxd5 Rf7 20. Nxc7 Nc6 21. Rxh7 1-0

[Event "Florianopolis Spring op 2nd"]
[Site "Florianopolis"]
[Date "2022.10.22"]
[Round "3"]
[White "Cardoso, Lucas Emanuel Alves"]
[Black "Hataby, Raed"]
[Result "0-1"]
[WhiteElo "1554"]
[BlackElo "1986"]
[PlyCount "90"]
[EventDate "2022.10.21"]
[EventType "swiss"]
[EventRounds "6"]
[EventCountry "BRA"]
[SourceTitle "EXT 2024"]
[Source "ChessBase"]
[SourceDate "2023.10.10"]
[SourceVersion "1"]
[SourceVersionDate "2023.10.10"]
[SourceQuality "1"]

1. e4 d6 2. d4 g6 3. Nc3 Bg7 4. Be3 c6 5. Qd2 Qa5 6. 0-0-0 b5 7. Kb1 Nf6 8. f3 a6 9. g4 h5 10. e5 dxe5 11. dxe5 Nd5 12. Bd4 Be6 13. Nxd5 Qxd2 14. Nc7+ Kd7 15. Rxd2 Kxc7 16. gxh5 Rxh5 17. f4 Nd7 18. Nf3 Rah8 19. b3 Bh6 20. Be3 Bd5 21. Bg2 Nf8 22. Nd4 Rxe5 23. fxe5 Bxe3 24. Bxd5 Bxd2 25. Bxf7 Bc3 26. Nf3 e6 27. h4 Kd7 28. Rg1 Rh6 29. h5 Rxh5 30. Bxg6 Nxg6 31. Rxg6 Rh1+ 32. Rg1 Rxg1+ 33. Nxg1 Bxe5 34. c4 bxc4 35. bxc4 Kd6 36. Kc2 Kc5 37. Nf3 Bf6 38. Kb3 e5 39. Nd2 Kd4 40. Kb4 Kd3 41. Nf1 e4 42. Kc5 Bc3 43. Kxc6 Kxc4 44. Kb6 a5 45. Kc6 Kd3 0-1

[Event "Florianopolis Spring op 2nd"]
[Site "Florianopolis"]
[Date "2022.10.22"]
[Round "4"]
[White "Hataby, Raed"]
[Black "Hirano, Enzo Erich Kreutz"]
[Result "1-0"]
[WhiteElo "1986"]
[BlackElo "1667"]
[PlyCount "131"]
[EventDate "2022.10.21"]
[EventType "swiss"]
[EventRounds "6"]
[EventCountry "BRA"]
[SourceTitle "EXT 2024"]
[Source "ChessBase"]
[SourceDate "2023.10.10"]
[SourceVersion "1"]
[SourceVersionDate "2023.10.10"]
[SourceQuality "1"]

1. e3 d5 2. c4 e6 3. Nf3 Nf6 4. Nc3 Be7 5. b3 b6 6. Bb2 Nbd7 7. cxd5 exd5 8. Bb5 Bb7 9. Ne5 0-0 10. Nc6 Qe8 11. Nxe7+ Qxe7 12. 0-0 Rad8 13. d4 c6 14. Bd3 Rfe8 15. Ne2 Nf8 16. Ng3 Ne4 17. Qh5 Nxg3 18. hxg3 g6 19. Qh6 Ne6 20. Rfe1 f5 21. f4 Qg7 22. Qxg7+ Nxg7 23. Kf2 Nh5 24. Be2 Nf6 25. Bf3 h5 26. Rac1 Ne4+ 27. Bxe4 Rxe4 28. Ba3 Kg7 29. Rc3 Re6 30. Rh1 Ra8 31. Rb1 Rd8 32. Rbc1 Ra8 33. Rb1 Rd8 34. Bc1 Ra8 35. a4 a6 36. b4 b5 37. Ra1 Ree8 38. Bd2 Red8 39. Rca3 Re8 40. Kg1 Rec8 41. Kh2 Re8 42. Kh3 Rec8 43. Kh4 Kf6 44. Kh3 Kg7 45. Rc1 Re8 46. Rc5 Rec8 47. Kh2 Re8 48. Kg1 Rec8 49. Kf2 Re8 50. Ra1 Rec8 51. Rh1 Rh8 52. Rh2 Rad8 53. Rh3 Ra8 54. Rc1 Rac8 55. Rch1 Ra8 56. R3h2 Rac8 57. Bc3 Ra8 58. Ra1 Rhe8 59. Be1 Rec8 60. Ke2 Rh8 61. Bc3 Rhe8 62. Kf2 Rh8 63. Rah1 Rad8 64. Ra1 Ra8 65. Ra3 Rh7 66. Ra1 1-0

[Event "Florianopolis Autumn op U2300"]
[Site "Florianopolis"]
[Date "2022.05.15"]
[Round "5"]
[White "Correria, Pedro Bavaresco"]
[Black "Hataby, Raed"]
[Result "0-1"]
[WhiteElo "1800"]
[BlackElo "1986"]
[PlyCount "34"]
[EventDate "2022.05.13"]
[EventType "swiss"]
[EventRounds "6"]
[EventCountry "BRA"]
[SourceTitle "CBM 208 Extra"]
[Source "ChessBase"]
[SourceDate "2022.07.31"]
[SourceVersion "1"]
[SourceVersionDate "2022.07.31"]
[SourceQuality "1"]

1. d4 g6 2. c4 Nf6 3. Nc3 d6 4. e4 Bd7 5. Be2 Na6 6. Bg5 c5 7. d5 Qa5 8. Qd2 h6 9. Bf4 g5 10. Bg3 Ng4 11. Nf3 f5 12. exf5 Bxf5 13. h4 0-0-0 14. 0-0 Rg8 15. Bd3 Bxd3 16. Qxd3 gxh4 17. Nxh4 Bg7 0-1

[Event "Florianopolis Autumn op U2300"]
[Site "Florianopolis"]
[Date "2022.05.14"]
[Round "4"]
[White "Hataby, Raed"]
[Black "Boabaid, Jorge Alberto Duard"]
[Result "1-0"]
[WhiteElo "1986"]
[BlackElo "1753"]
[PlyCount "153"]
[EventDate "2022.05.13"]
[EventType "swiss"]
[EventRounds "6"]
[EventCountry "BRA"]
[SourceTitle "CBM 208 Extra"]
[Source "ChessBase"]
[SourceDate "2022.07.31"]
[SourceVersion "1"]
[SourceVersionDate "2022.07.31"]
[SourceQuality "1"]

1. e4 c5 2. Nf3 d6 3. g3 Nc6 4. Bg2 Nf6 5. d3 e6 6. Qe2 Qc7 7. c3 Be7 8. a4 Rb8 9. 0-0 a6 10. Re1 e5 11. Nbd2 0-0 12. Nc4 Re8 13. Ne3 g6 14. Nh4 Bf8 15. h3 Bg7 16. Ng4 Nxg4 17. hxg4 b5 18. f4 f6 19. Be3 b4 20. Bh3 Rf8 21. Qh2 Ne7 22. c4 Nc6 23. b3 Qe7 24. Rf1 Bd7 25. Rab1 exf4 26. gxf4 f5 27. g5 Rbd8 28. Bg2 Bd4 29. Qh3 Bxe3+ 30. Qxe3 Nd4 31. Nf3 Nxf3+ 32. Bxf3 Rde8 33. Rbe1 Kg7 34. Qe2 Qf7 35. Qb2+ Kg8 36. e5 Qg7 37. Rf2 dxe5 38. fxe5 Be6 39. d4 cxd4 40. Qxd4 Qe7 41. Qf4 Qc5 42. Kg2 Rd8 43. Rd2 Qb6 44. Red1 Rxd2+ 45. Qxd2 Re8 46. Kg3 Qc5 47. Qd4 Qe7 48. Kf4 h6 49. gxh6 Qh4+ 50. Ke3 Qxh6+ 51. Ke2 Qh2+ 52. Kd3 Qg3 53. Qe3 f4 54. Rg1 Bf5+ 55. Kd4 Qh4 56. Bd5+ Kg7 57. Rh1 Qg4 58. Qf3 Qxf3 59. Bxf3 g5 60. Rg1 Kg6 61. c5 Rd8+ 62. Kc4 Be6+ 63. Kxb4 Rb8+ 64. Ka5 Rxb3 65. Be4+ Bf5 66. Bd5 Re3 67. Bb7 Rxe5 68. Kb6 a5 69. c6 Re4 70. Kxa5 Rc4 71. Kb5 Bd3 72. Kb6 Rxa4 73. c7 Bf5 74. Rc1 g4 75. Rc6+ Kf7 76. Rc5 Bg6 77. Bd5+ 1-0

[Event "Florianopolis op 8th"]
[Site "Florianopolis"]
[Date "2022.01.26"]
[Round "4"]
[White "Vaz, Osvaldo Jose"]
[Black "Hataby, Raed"]
[Result "0-1"]
[WhiteElo "1680"]
[BlackElo "1988"]
[PlyCount "48"]
[EventDate "2022.01.24"]
[EventType "swiss"]
[EventRounds "10"]
[EventCountry "BRA"]
[SourceTitle "CBM 206 Extra"]
[Source "ChessBase"]
[SourceDate "2022.03.31"]
[SourceVersion "1"]
[SourceVersionDate "2022.03.31"]
[SourceQuality "1"]

1. e4 d6 2. d4 Nf6 3. Nc3 g6 4. Be3 Bg7 5. Qd2 c6 6. Bd3 Qa5 7. 0-0-0 b5 8. Kb1 a6 9. Bh6 Bxh6 10. Qxh6 Be6 11. d5 cxd5 12. exd5 Nxd5 13. Nxd5 Bxd5 14. b3 Bxg2 15. Nh3 Bxh1 16. Qg7 Rf8 17. Ng5 Bb7 18. Nxh7 Nd7 19. h4 0-0-0 20. h5 gxh5 21. Bf5 e6 22. Bh3 h4 23. f4 Qc7 24. f5 Be4 0-1

[Event "Florianopolis op 09"]
[Site "Florianopolis"]
[Date "2021.09.26"]
[Round "6"]
[White "Filimberti Uczai, Joao Pedro"]
[Black "Hataby, Raed"]
[Result "0-1"]
[WhiteElo "2081"]
[BlackElo "1978"]
[PlyCount "123"]
[EventDate "2021.09.24"]
[EventType "swiss"]
[EventRounds "6"]
[EventCountry "BRA"]
[SourceTitle "EXT 2024"]
[Source "ChessBase"]
[SourceDate "2023.10.10"]
[SourceVersion "1"]
[SourceVersionDate "2023.10.10"]
[SourceQuality "1"]

1. e4 d6 2. d4 Nf6 3. Nc3 c6 4. a4 a5 5. h3 g6 6. Be3 Bg7 7. Be2 Na6 8. Nf3 Nb4 9. Nd2 Qc7 10. Ncb1 Bd7 11. c3 Na6 12. 0-0 0-0 13. Na3 Ne8 14. Bc4 Qc8 15. f4 Nac7 16. e5 Nd5 17. Nc2 Bf5 18. Bxd5 cxd5 19. Bf2 Bxc2 20. Qxc2 f5 21. Bh4 Qd7 22. Qb3 e6 23. Kh2 dxe5 24. dxe5 Nc7 25. Nf3 Na6 26. Qb5 Qxb5 27. axb5 Nc5 28. Be7 Rfc8 29. Bxc5 Rxc5 30. Nd4 Kf7 31. g4 b6 32. Rf3 Rac8 33. Kg3 Rc4 34. Rd3 Bf8 35. Nc6 Bc5 36. Kf3 a4 37. g5 h6 38. gxh6 Rh8 39. Kg3 Rxh6 40. Rh1 Re4 41. Kf3 Rh4 42. Nd8+ Ke7 43. Nc6+ Ke8 44. Kg3 Rhxf4 45. Rf3 Rh4 46. Ra1 g5 47. Ra2 Re2 48. Rf1 f4+ 49. Kf3 Re3+ 50. Kf2 Rxc3+ 51. Ke2 Re3+ 52. Kd2 Rhxh3 53. Rxa4 Rh2+ 54. Kc1 Ree2 55. b4 Be3+ 56. Kb1 f3 57. Ra8+ Kf7 58. Rxf3+ Bf4 59. Rf1 Kg6 60. Ne7+ Kh5 61. Nc6 Kg4 62. Rg1+ 0-1

[Event "Florianopolis op 09"]
[Site "Florianopolis"]
[Date "2021.09.24"]
[Round "1"]
[White "Pavao, Wilson"]
[Black "Hataby, Raed"]
[Result "0-1"]
[WhiteElo "1535"]
[BlackElo "1978"]
[PlyCount "42"]
[EventDate "2021.09.24"]
[EventType "swiss"]
[EventRounds "6"]
[EventCountry "BRA"]
[SourceTitle "EXT 2023"]
[Source "ChessBase"]
[SourceDate "2022.10.05"]
[SourceVersion "1"]
[SourceVersionDate "2022.10.05"]
[SourceQuality "1"]

1. e4 d6 2. Bc4 Nf6 3. d3 g6 4. Nf3 Bg7 5. 0-0 0-0 6. Re1 c5 7. e5 dxe5 8. Nxe5 Nbd7 9. Qe2 Nb6 10. Bb3 Nbd5 11. a3 Be6 12. Nd2 b6 13. Ndf3 h6 14. Nxg6 Re8 15. Rb1 Rc8 16. h3 a6 17. c3 b5 18. c4 Nb6 19. Bd2 Qc7 20. Bc3 Red8 21. Rbd1 Rd6 0-1

[Event "Florianopolis Winter op 5th"]
[Site "Florianopolis"]
[Date "2019.08.31"]
[Round "5"]
[White "Hataby, Raed"]
[Black "Caetano, Hugo Zanotti Mendon"]
[Result "0-1"]
[WhiteElo "1929"]
[BlackElo "2192"]
[PlyCount "90"]
[EventDate "2019.08.30"]
[EventType "swiss"]
[EventRounds "7"]
[EventCountry "BRA"]
[SourceTitle "EXT 2020"]
[Source "ChessBase"]
[SourceDate "2019.10.17"]
[SourceVersion "1"]
[SourceVersionDate "2019.10.17"]
[SourceQuality "1"]

1. e4 c5 2. Nf3 Nc6 3. g3 g6 4. Bg2 Bg7 5. 0-0 d6 6. c3 Nf6 7. d3 0-0 8. a4 a6 9. Nbd2 Rb8 10. Nc4 b5 11. axb5 axb5 12. Ne3 Bb7 13. h3 e6 14. Ng4 Nxg4 15. hxg4 b4 16. d4 Qb6 17. dxc5 dxc5 18. Qc2 bxc3 19. bxc3 Nb4 20. Rb1 Nxc2 21. Rxb6 Bxe4 22. Rxb8 Rxb8 23. Bf4 Rc8 24. Be5 Bxf3 25. Bxg7 Bxg2 26. Rc1 Kxg7 27. Kxg2 Na3 28. c4 Rb8 29. Rc3 Nb1 30. Rd3 Rb4 31. f4 Rxc4 32. g5 Nc3 33. Kf3 Nd5 34. Kg4 Rc3 35. Rd2 Ne3+ 36. Kh3 Nf5 37. Kg2 c4 38. Kh2 Rxg3 39. Rc2 c3 40. Ra2 Rd3 41. Ra8 c2 42. Rc8 Nd4 43. f5 gxf5 44. g6 hxg6 45. Kg2 Rd1 0-1